Report Of The Finance Committee On The Loan Agreement Between The Government Of The Republic Of Ghana And The Institute For Export Credit (GIEK) Of Norway And Fortis Bank Of The Netherlands For An Amount Totaling €65,179,954.00 For The Rehabilitation And Upgrading Of The Electricity Company Limited Distribution System In Accra, Tema And Kumasi (Record no. 5442)

MARC details
000 -LEADER
fixed length control field 00836nam a22001697a 4500
003 - CONTROL NUMBER IDENTIFIER
control field OSt
005 - DATE AND TIME OF LATEST TRANSACTION
control field 20250730101733.0
008 - FIXED-LENGTH DATA ELEMENTS--GENERAL INFORMATION
fixed length control field 250717b |||||||| |||| 00| 0 eng d
041 ## - LANGUAGE CODE
Language code of text/sound track or separate title English
082 ## - DEWEY DECIMAL CLASSIFICATION NUMBER
Classification number Acc. No. 5719 CR/ATK/08
110 ## - MAIN ENTRY--CORPORATE NAME
Corporate name or jurisdiction name as entry element Finance Committee
245 ## - TITLE STATEMENT
Title Report Of The Finance Committee On The Loan Agreement Between The Government Of The Republic Of Ghana And The Institute For Export Credit (GIEK) Of Norway And Fortis Bank Of The Netherlands For An Amount Totaling €65,179,954.00 For The Rehabilitation And Upgrading Of The Electricity Company Limited Distribution System In Accra, Tema And Kumasi
260 ## - PUBLICATION, DISTRIBUTION, ETC.
Place of publication, distribution, etc. Accra
Name of publisher, distributor, etc. Parliament Of Ghana
Date of publication, distribution, etc. 2008
300 ## - PHYSICAL DESCRIPTION
Extent 5P
653 ## - INDEX TERM--UNCONTROLLED
Uncontrolled term Rehabilitation And Upgrading Of The Electricity Company Limited Distribution System In Accra, Tema And Kumasi
942 ## - ADDED ENTRY ELEMENTS (KOHA)
Source of classification or shelving scheme Dewey Decimal Classification
Koha item type Committee Reports
Suppress in OPAC No
Holdings
Withdrawn status Lost status Source of classification or shelving scheme Damaged status Not for loan Home library Current library Shelving location Date acquired Total checkouts Full call number Date last seen Copy number Price effective from Koha item type
    Dewey Decimal Classification     Main Library Main Library Open Shelves 17/07/2025   Acc. No. 5719 CR/ATK/08 17/07/2025 1 17/07/2025 Committee Reports
©2026  Parliament of Ghana Library - All rights reserved